| 000 | 00389 a2200169 4500 | ||
|---|---|---|---|
| 001 | 175614 | ||
| 020 | _a85-209-0767-9 | ||
| 040 | _cMagnum | ||
| 100 | _aMachado, Angelo | ||
| 240 | 1 | 0 |
_aQue bicho serĂ¡ que fez a coisa? _lpor |
| 245 | 1 | 0 | _aQue bicho serĂ¡ que fez a coisa? |
| 300 | _a18 | ||
| 362 | 0 | _a1996 | |
| 440 | 1 | _aNova Fronteira | |
| 697 | _aLITERATURA INFANTO | ||
| 942 | _cBK | ||
| 999 |
_c175614 _d175614 |
||